000
00320nam a2200121Ia 4500
008
240624s9999 xx 000 0 und d
041
_a
eng
082
_a
005.133 HOL
100
_a
HOLZNER STEVEN
245
_a
VISUALBASIC 6 PROGRAMMING BLACK BOOK
260
_c
2004
_a
New Delhi
_b
Wiley Dreamtech India
300
_a
xxxv, : 1095
999
_c
962
_d
962